Medvetánc

Bibliographic Details
Main Author: József, Attila, 1905-1937 (Author)
Other Authors: Rácz, Noémi, 1972- (Illustrator)
Format: Article
Language:Hungarian
Slovak
PhysicalDescription:Obr. 1
Subjects:

MARC

LEADER 00000nab a2200000 a 4500
001 vtls000643879
003 SK-MaSNL
005 20260303181956.0
008 160314c1997 xo 0 hun
015 |a SNBRB19rr/mm-uuuuu 
035 |a CL0644018 
040 |a SNKBUCL  |b slo  |c SNKBUCL  |e AACR2 
041 0 |a slo 
044 |a xo  |c SK 
080 |a 894.511-1(087.5)=945.11  |2 1981 
100 1 |a József, Attila,  |d 1905-1937  |4 aut  |9 210880 
245 1 0 |a Medvetánc  |c Attila József ; Illusztr. Noémi Rácz 
300 |b Obr. 1 
650 0 7 |a naratívne básne  |2 snkbucl  |9 56217 
700 1 |a Rácz, Noémi,  |d 1972-  |4 ill  |9 101585 
773 0 |t Vasárnap  |g Roč. 30, č. 45 (1997), s. 10 
850 |a Slovenská národná knižnica v Martine  |a DSG001 
852 |a SNK  |b KIS3GCP 
958 |a HU 
958 |a LX 
958 |a NX 
958 |a RK 
958 |a RBX 
999 |c 2114882  |d 2116812